|
|
|
|
| LEADER |
01241nam a2200277 a 4500 |
| 001 |
4107309 |
| 008 |
090823s1976 nyu b 001 0 eng d |
| 010 |
|
|
|a 75017903
|
| 020 |
|
|
|a 0070856133
|
| 020 |
|
|
|a 007054234X
|
| 040 |
|
|
|a DLC
|c DLC
|d DLC
|
| 082 |
0 |
0 |
|a 515
|2 17
|
| 100 |
1 |
|
|a Rudin, Walter,
|d 1921-
|
| 245 |
1 |
0 |
|a Principles of mathematical analysis /
|c Walter Rudin.
|
| 250 |
|
|
|a 3d ed.
|
| 260 |
|
|
|a New York :
|b McGraw-Hill,
|c 1976
|
| 300 |
|
|
|a x, 342 p. ;
|c 24 cm.
|
| 490 |
0 |
|
|a International series in pure and applied mathematics
|
| 504 |
|
|
|a Includes Bibliography (p. [335]-336.) and index.
|
| 541 |
1 |
|
|e 00018104
|
| 650 |
|
0 |
|a Mathematical analysis.
|
| 852 |
4 |
|
|a Ayesha Abed Library
|j General shelf
|
| 999 |
|
|
|c 3333
|d 3333
|
| 952 |
|
|
|0 0
|1 0
|2 ddc
|4 0
|6 515_RUD_197600000000000
|7 0
|9 3024
|a BRACUL
|b BRACUL
|c GEN
|d 2009-08-31
|l 8
|m 52
|o 515 RUD
|p 3010018104
|r 2023-05-10
|s 2022-12-31
|t 1
|w 2009-08-31
|y BK
|
| 952 |
|
|
|0 0
|1 0
|2 ddc
|4 0
|6 515_RUD_197600000000000
|7 0
|9 9718
|a BRACUL
|b BRACUL
|c GEN
|d 2010-05-04
|l 7
|m 69
|o 515 RUD
|p 3010018102
|q 2026-09-06
|r 2026-05-07
|s 2026-05-07
|t 2
|w 2010-05-04
|y BK
|
| 952 |
|
|
|0 0
|1 0
|2 ddc
|4 0
|6 515_000000000000000_RUD
|7 0
|9 9862
|a BRACUL
|b BRACUL
|c REF
|d 2010-05-06
|l 2
|m 39
|o 515 RUD
|p 3010018103
|r 2023-06-17
|s 2022-12-15
|t 3
|w 2010-05-06
|y RSV
|